[Event "Titled Tuesday intern op 01st Apr Early"]
[Site "Chess.com INT"]
[Date "2025.04.01"]
[Round "7"]
[White "Hnatyshyn, Anastasiya"]
[Black "Aarit, Kapil"]
[Result "0-1"]
[WhiteElo "2158"]
[BlackElo "2081"]
[PlyCount "78"]
[EventDate "2025.04.01"]
[EventType "swiss (blitz)"]
[EventRounds "11"]
[EventCountry "USA"]
[SourceTitle "CB15_2025"]
[SourceDate "2025.04.09"]
[SourceVersion "1"]
[SourceVersionDate "2025.04.09"]
[SourceQuality "1"]

1. Nc3 e5 2. Nf3 Nc6 3. d4 exd4 4. Nxd4 Nf6 5. Bg5 Be7 6. Nf5 0-0 7. Nxe7+ Qxe7 8. Nd5 Qe5 9. Bxf6 gxf6 10. e3 d6 11. f4 Qxb2 12. Bd3 f5 13. 0-0 Be6 14. Rb1 Qg7 15. Nxc7 Rab8 16. Nxe6 fxe6 17. Rf3 Kh8 18. Rg3 Qf6 19. Rg5 Rg8 20. Rxg8+ Kxg8 21. Qf3 Kh8 22. g3 d5 23. Qd1 b6 24. c4 d4 25. e4 fxe4 26. Bxe4 Ne7 27. Qh5 Nf5 28. Rd1 Rd8 29. Rd3 h6 30. g4 Nd6 31. g5 Rg8 32. Kh1 Rxg5 33. Qh3 Rg8 34. Bg2 Nxc4 35. Rf3 Ne3 36. Bf1 Qg6 37. Rg3 Qe4+ 38. Bg2 Qb1+ 39. Bf1 Qxf1+ 0-1

[Event "Titled Tuesday intern op 01st Apr Early"]
[Site "Chess.com INT"]
[Date "2025.04.01"]
[Round "3"]
[White "Hnatyshyn, Anastasiya"]
[Black "Materia, Marco"]
[Result "0-1"]
[WhiteElo "2158"]
[BlackElo "2486"]
[PlyCount "66"]
[EventDate "2025.04.01"]
[EventType "swiss (blitz)"]
[EventRounds "11"]
[EventCountry "USA"]
[SourceTitle "CB15_2025"]
[SourceDate "2025.04.09"]
[SourceVersion "1"]
[SourceVersionDate "2025.04.09"]
[SourceQuality "1"]

1. Nc3 Nf6 2. e4 d6 3. d4 g6 4. f4 Bg7 5. Nf3 0-0 6. Bd3 c5 7. dxc5 dxc5 8. e5 Nd5 9. Nxd5 Qxd5 10. Qe2 Bf5 11. Bxf5 gxf5 12. 0-0 Nc6 13. c3 Rad8 14. Be3 b6 15. Qf2 f6 16. exf6 Bxf6 17. a3 Na5 18. Rae1 Nc4 19. Bc1 Nd6 20. Ng5 Bxg5 21. fxg5 Ne4 22. Qh4 e5 23. g4 f4 24. Qh5 Rd6 25. g6 hxg6 26. Qh3 Ng5 27. Qg2 f3 28. Qg3 f2+ 29. Rxf2 Rxf2 30. Kxf2 Ne4+ 31. Rxe4 Qxe4 32. Qe3 Qc2+ 33. Kg3 Rd3 0-1

[Event "Titled Tuesday intern op 01st Apr Early"]
[Site "Chess.com INT"]
[Date "2025.04.01"]
[Round "8"]
[White "Sedaghati, Mehrdad"]
[Black "Hnatyshyn, Anastasiya"]
[Result "1/2-1/2"]
[WhiteElo "2196"]
[BlackElo "2158"]
[PlyCount "130"]
[EventDate "2025.04.01"]
[EventType "swiss (blitz)"]
[EventRounds "11"]
[EventCountry "USA"]
[SourceTitle "CB15_2025"]
[SourceDate "2025.04.09"]
[SourceVersion "1"]
[SourceVersionDate "2025.04.09"]
[SourceQuality "1"]

1. e4 e6 2. d4 d5 3. Nc3 Bb4 4. e5 c5 5. a3 Bxc3+ 6. bxc3 Ne7 7. Qg4 Qc7 8. Qxg7 Rg8 9. Qxh7 cxd4 10. Ne2 dxc3 11. Qd3 Qxe5 12. Qxc3 Qxc3+ 13. Nxc3 e5 14. Nb5 Kd7 15. h4 a6 16. Nc3 Nbc6 17. h5 Nd4 18. Bd3 e4 19. Nxe4 dxe4 20. Bxe4 Nec6 21. Kf1 Ke7 22. h6 Bf5 23. Bxf5 Nxf5 24. Rb1 b5 25. h7 Rh8 26. g4 Nfd4 27. Bb2 f6 28. Rh6 Kf7 29. g5 fxg5 30. Rd1 Rad8 31. Rd3 g4 32. Kg2 Ke7 33. Rc3 Kd7 34. Rc5 Ne6 35. Rxe6 Kxe6 36. Rxc6+ Kd5 37. Bxh8 Kxc6 38. Bg7 Kd5 39. h8Q Rxh8 40. Bxh8 Kc4 41. Kg3 a5 42. c3 a4 43. Kxg4 Kb3 44. f4 Kxa3 45. f5 Kb3 46. f6 a3 47. f7 a2 48. c4 bxc4 49. f8Q c3 50. Qb8+ Kc2 51. Bxc3 Kxc3 52. Qe5+ Kc2 53. Kf3 Kb1 54. Qb5+ Ka1 55. Qa4 Kb1 56. Qb3+ Ka1 57. Qc3+ Kb1 58. Qb4+ Ka1 59. Qd4+ Kb1 60. Qb4+ Ka1 61. Qe1+ Kb2 62. Qd2+ Kb1 63. Ke2 a1Q 64. Qd1+ Ka2 65. Qxa1+ Kxa1 1/2-1/2

[Event "EU-ch 25th"]
[Site "Eforie Nord"]
[Date "2025.03.26"]
[Round "11"]
[White "Hnatyshyn, Anastasiya"]
[Black "Fiedorek, Michal"]
[Result "0-1"]
[WhiteElo "2158"]
[BlackElo "2295"]
[PlyCount "93"]
[EventDate "2025.03.15"]
[EventType "swiss"]
[EventRounds "11"]
[EventCountry "ROU"]
[SourceTitle "CB13_2025"]
[SourceDate "2025.03.26"]
[SourceVersion "1"]
[SourceVersionDate "2025.03.26"]
[SourceQuality "1"]

1. e4 c6 2. d4 d5 3. e5 Bf5 4. Nf3 e6 5. Be2 Nd7 6. 0-0 a5 7. a4 f6 8. Bf4 Qb6 9. b3 Ne7 10. exf6 gxf6 11. Re1 Ng6 12. Bg3 Bh6 13. Bd3 Bxd3 14. Qxd3 Kf7 15. c4 Rhe8 16. Ra2 Ndf8 17. Na3 Nf4 18. Bxf4 Bxf4 19. g3 Bh6 20. Nc2 Rad8 21. c5 Qc7 22. Ne3 Kg8 23. Rae2 Qf7 24. Ng4 Bg7 25. Qd2 Qg6 26. Ne3 Ra8 27. Nh4 Qh5 28. f4 Bh6 29. Nhg2 Bg7 30. g4 Qf7 31. Nf1 f5 32. g5 b6 33. cxb6 Rab8 34. Re3 Rxb6 35. Rd3 Rb4 36. Nh4 Qa7 37. Nf3 c5 38. Ne5 Bxe5 39. Rxe5 cxd4 40. Qe1 Rbb8 41. Nd2 Qf7 42. Rf3 Rbc8 43. Nf1 Qh5 44. Rg3 Rc6 45. Re2 Qf7 46. h4 d3 47. Rxd3 0-1

[Event "EU-ch 25th"]
[Site "Eforie Nord"]
[Date "2025.03.24"]
[Round "9"]
[White "Hnatyshyn, Anastasiya"]
[Black "Cazan, Mircea Andrei"]
[Result "1-0"]
[WhiteElo "2158"]
[BlackElo "1967"]
[PlyCount "51"]
[EventDate "2025.03.15"]
[EventType "swiss"]
[EventRounds "11"]
[EventCountry "ROU"]
[SourceTitle "CB13_2025"]
[SourceDate "2025.03.26"]
[SourceVersion "1"]
[SourceVersionDate "2025.03.26"]
[SourceQuality "1"]

1. e4 c5 2. Nf3 Nc6 3. d4 cxd4 4. Nxd4 Nf6 5. Nc3 d6 6. Bc4 e6 7. Be3 a6 8. Qe2 Qc7 9. Nxc6 Qxc6 10. Bd3 Bd7 11. g4 h5 12. g5 Ng4 13. Bd2 Be7 14. f4 e5 15. h3 exf4 16. hxg4 Bxg4 17. Qf2 Bxg5 18. Nd5 0-0-0 19. Bxf4 Rde8 20. Kd2 Bd8 21. a4 f5 22. Ra3 Kb8 23. Rc3 Qd7 24. Nb6 Bxb6 25. Qxb6 Rd8 26. Be3 1-0

[Event "EU-ch 25th"]
[Site "Eforie Nord"]
[Date "2025.03.22"]
[Round "7"]
[White "Cnejev, Vladimir Alexandru"]
[Black "Hnatyshyn, Anastasiya"]
[Result "1-0"]
[WhiteElo "2343"]
[BlackElo "2158"]
[PlyCount "105"]
[EventDate "2025.03.15"]
[EventType "swiss"]
[EventRounds "11"]
[EventCountry "ROU"]
[SourceTitle "CB13_2025"]
[SourceDate "2025.03.26"]
[SourceVersion "1"]
[SourceVersionDate "2025.03.26"]
[SourceQuality "1"]

1. e4 c5 2. Nf3 Nc6 3. Bb5 d6 4. 0-0 Bd7 5. Re1 a6 6. Bf1 Bg4 7. c3 e6 8. d3 Nf6 9. Nbd2 Be7 10. h3 Bxf3 11. Nxf3 0-0 12. g3 b5 13. Bg2 Rc8 14. Bd2 Qb6 15. Qe2 Rfd8 16. Nh2 d5 17. e5 Nd7 18. f4 d4 19. Bxc6 Qxc6 20. c4 bxc4 21. dxc4 d3 22. Qe4 Qb6 23. Bc3 d2 24. Red1 f5 25. Qe3 Nb8 26. Rxd2 Rxd2 27. Qxd2 Rd8 28. Qe2 Qc6 29. Nf3 h6 30. Kf2 Qe8 31. Rd1 Nc6 32. Rxd8 Qxd8 33. Qd2 Qe8 34. Qd3 g5 35. Bd2 g4 36. hxg4 fxg4 37. Nh2 Qh5 38. Kg1 Nd4 39. Be1 Kg7 40. Qd1 Nf3+ 41. Nxf3 gxf3 42. Qd3 Kf8 43. a3 Kg7 44. Bc3 Kf8 45. Kf2 Qh2+ 46. Kxf3 h5 47. Qe2 Qh3 48. Qg2 Qg4+ 49. Ke3 h4 50. Qf3 Qf5 51. gxh4 Bxh4 52. Kd2 Qb1 53. Qd3 1-0

[Event "Titled Tuesday intern op 04th Mar Early"]
[Site "Chess.com INT"]
[Date "2025.03.04"]
[Round "1"]
[White "Hnatyshyn, Anastasiya"]
[Black "Gelman, Alexander"]
[Result "1-0"]
[WhiteElo "2158"]
[BlackElo "2403"]
[PlyCount "115"]
[EventDate "2025.03.04"]
[EventType "swiss (blitz)"]
[EventRounds "11"]
[EventCountry "USA"]
[SourceTitle "CB11_2025"]
[SourceDate "2025.03.12"]
[SourceVersion "1"]
[SourceVersionDate "2025.03.12"]
[SourceQuality "1"]

1. Nc3 c5 2. Nf3 e6 3. d4 cxd4 4. Nxd4 Nf6 5. e4 d6 6. Bg5 a6 7. f4 Nbd7 8. Qf3 Be7 9. 0-0-0 Qc7 10. Kb1 b5 11. g4 Bb7 12. Bd3 h6 13. Bxf6 Bxf6 14. Nce2 0-0-0 15. h4 g6 16. Qe3 Kb8 17. Rc1 Nb6 18. Rcd1 Rc8 19. g5 hxg5 20. hxg5 Bg7 21. Rxh8 Rxh8 22. f5 Re8 23. f6 Bf8 24. Nb3 Na4 25. Rc1 d5 26. e5 Rc8 27. c3 Ka8 28. Ned4 Nb6 29. Na5 Nc4 30. Nxc4 bxc4 31. Bc2 Rb8 32. Ka1 Qb6 33. Rb1 Bc5 34. Qd2 Bc8 35. Bd1 Bd7 36. Bf3 Ka7 37. Nc2 a5 38. a3 Qb3 39. Nd4 Qb6 40. Nc2 Ba4 41. Bd1 Bb3 42. Nd4 Bxd1 43. Qxd1 Qb5 44. Qc2 Qb6 45. Ne2 Be3 46. Nd4 Bxd4 47. cxd4 Qxd4 48. Qa4 Qc5 49. Qd7+ Rb7 50. Qa4 c3 51. b4 Qc4 52. Qxa5+ Qa6 53. Qxa6+ Kxa6 54. Rc1 Kb5 55. Rxc3 Ra7 56. Rc5+ Ka4 57. Kb2 Rd7 58. Ra5# 1-0

[Event "Titled Tuesday intern op 04th Mar Early"]
[Site "Chess.com INT"]
[Date "2025.03.04"]
[Round "2"]
[White "Hnatyshyn, Anastasiya"]
[Black "Prokofyev, Valentyn"]
[Result "1-0"]
[WhiteElo "2158"]
[BlackElo "2423"]
[PlyCount "123"]
[EventDate "2025.03.04"]
[EventType "swiss (blitz)"]
[EventRounds "11"]
[EventCountry "USA"]
[SourceTitle "CB11_2025"]
[SourceDate "2025.03.12"]
[SourceVersion "1"]
[SourceVersionDate "2025.03.12"]
[SourceQuality "1"]

1. e4 e5 2. Nf3 Nc6 3. Bc4 Bc5 4. c3 Nf6 5. d3 d6 6. 0-0 a5 7. h3 Ba7 8. Nbd2 0-0 9. Re1 Be6 10. Nf1 Qd7 11. Bg5 Bxc4 12. dxc4 Nh5 13. Nxe5 Nxe5 14. Qxh5 Nxc4 15. Qe2 Qe6 16. Rad1 Rae8 17. b3 Ne5 18. Kh1 f5 19. f3 Qg6 20. Be3 fxe4 21. Bxa7 exf3 22. Qd2 Kh8 23. Nh2 Qg3 24. gxf3 Nxf3 25. Rxe8 Rxe8 26. Qg2 Re1+ 27. Rxe1 Qxe1+ 28. Bg1 Nxg1 29. Qxg1 Qe4+ 30. Qg2 Qb1+ 31. Nf1 Qg6 32. Qxg6 hxg6 33. Kg2 c6 34. Kf3 Kg8 35. Kf4 Kf7 36. Ne3 d5 37. Ng4 Ke6 38. Kg5 c5 39. Kxg6 d4 40. cxd4 cxd4 41. Kxg7 d3 42. Nf2 d2 43. h4 Kf5 44. h5 Kf4 45. h6 Ke3 46. Nd1+ Ke2 47. Nb2 b5 48. h7 a4 49. h8Q a3 50. Qh5+ Kf2 51. Nd1+ Ke1 52. Qf3 b4 53. Ne3 d1Q 54. Qxd1+ Kf2 55. Qd2+ Kf3 56. Nd5 Ke4 57. Nxb4 Kf3 58. Nc2 Ke4 59. Qe3+ Kf5 60. Qd4 Kg5 61. Ne3 Kh5 62. Qg4# 1-0

[Event "Titled Tuesday intern op 25th Feb Early"]
[Site "Chess.com INT"]
[Date "2025.02.25"]
[Round "9"]
[White "Fernandez, Mario"]
[Black "Hnatyshyn, Anastasiya"]
[Result "0-1"]
[WhiteElo "2012"]
[BlackElo "2197"]
[PlyCount "184"]
[EventDate "2025.02.25"]
[EventType "swiss (blitz)"]
[EventRounds "11"]
[EventCountry "USA"]
[SourceTitle "CB10_2025"]
[SourceDate "2025.03.05"]
[SourceVersion "1"]
[SourceVersionDate "2025.03.05"]
[SourceQuality "1"]

1. d4 d5 2. Bf4 Nf6 3. Nc3 c5 4. e4 cxd4 5. Qxd4 Nc6 6. Bb5 Bd7 7. Bxc6 Bxc6 8. e5 Nd7 9. e6 fxe6 10. Nf3 Qb6 11. Qd2 d4 12. Nxd4 Bxg2 13. Rg1 e5 14. Nb3 exf4 15. Rxg2 Qe6+ 16. Kf1 Qc4+ 17. Kg1 e5 18. Re1 0-0-0 19. Ne4 Nf6 20. Qc3 Qxc3 21. Nxc3 Re8 22. f3 g6 23. Rge2 Nd7 24. Ne4 Be7 25. Na5 Kc7 26. Nc4 b5 27. Ncd2 h5 28. Nb3 g5 29. c3 g4 30. fxg4 hxg4 31. Rd2 f3 32. Red1 Nb6 33. Nbc5 Bxc5+ 34. Nxc5 e4 35. Rd4 e3 36. Ne4 e2 37. Re1 Rd8 38. Nf6 Rxd4 39. cxd4 Rd8 40. Nxg4 Rxd4 41. h3 Rd1 42. Kf2 Rxe1 43. Kxe1 Nc4 44. Nh2 Ne5 45. Nxf3 Nxf3+ 46. Kxe2 Ng5 47. h4 Nf7 48. Kd3 Kc6 49. Kd4 Kd6 50. b4 Ne5 51. h5 Nc6+ 52. Kc3 Ke5 53. a3 Kf6 54. Kd3 Ne5+ 55. Ke4 Nc4 56. Kd5 Nxa3 57. Kc5 Kg5 58. Kc6 Kxh5 59. Kb7 Nc2 60. Ka6 Nd4 61. Kxa7 Kg4 62. Kb6 Kf4 63. Kc5 Ke4 64. Kb6 Kd3 65. Kc5 Kc3 66. Kd5 Nc2 67. Kc5 Na3 68. Kb6 Kxb4 69. Ka6 Kc3 70. Ka5 b4 71. Ka4 Nc4 72. Kb5 b3 73. Ka4 b2 74. Kb5 b1Q+ 75. Kc6 Qb6+ 76. Kd5 Qd6+ 77. Ke4 Qe5+ 78. Kf3 Kd3 79. Kg4 Qf6 80. Kh5 Nd6 81. Kg4 Qf5+ 82. Kg3 Qg6+ 83. Kf3 Qe4+ 84. Kg3 Nf5+ 85. Kh3 Qh4+ 86. Kg2 Qg3+ 87. Kh1 Qh3+ 88. Kg1 Nd4 89. Kf2 Qf3+ 90. Kg1 Ne2+ 91. Kh2 Qg3+ 92. Kh1 Qg1# 0-1

[Event "Titled Tuesday intern op 25th Feb Early"]
[Site "Chess.com INT"]
[Date "2025.02.25"]
[Round "2"]
[White "Hnatyshyn, Anastasiya"]
[Black "Sobek, Jaroslav"]
[Result "0-1"]
[WhiteElo "2197"]
[BlackElo "2198"]
[PlyCount "144"]
[EventDate "2025.02.25"]
[EventType "swiss (blitz)"]
[EventRounds "11"]
[EventCountry "USA"]
[SourceTitle "CB10_2025"]
[SourceDate "2025.03.05"]
[SourceVersion "1"]
[SourceVersionDate "2025.03.05"]
[SourceQuality "1"]

1. Nc3 d5 2. e4 dxe4 3. Nxe4 Nf6 4. Nxf6+ exf6 5. d4 Bd6 6. Be3 0-0 7. Bd3 Re8 8. Ne2 f5 9. 0-0 Qf6 10. Qd2 h6 11. c4 c6 12. Rfe1 Nd7 13. Rad1 Nf8 14. Bf4 Ng6 15. Bxd6 Qxd6 16. Bb1 Bd7 17. Nc3 Nf4 18. d5 Rxe1+ 19. Rxe1 cxd5 20. cxd5 Rd8 21. g3 Nh3+ 22. Kg2 Ng5 23. h4 Nh7 24. Qd4 a6 25. b4 Nf6 26. Rd1 Re8 27. Qc5 Qe5 28. d6 Qxc5 29. bxc5 Bc6+ 30. Kg1 g6 31. Bd3 Nd7 32. Ne2 Nxc5 33. Nd4 Nxd3 34. Nxc6 bxc6 35. Rxd3 Rd8 36. Kf1 f6 37. Ke2 Kf7 38. Ke3 Ke6 39. h5 g5 40. g4 fxg4 41. Ke4 f5+ 42. Ke3 f4+ 43. Ke4 Rxd6 44. Ra3 Rd2 45. Rxa6 Kd6 46. Ra8 Re2+ 47. Kf5 Rxf2 48. Kxg4 Rg2+ 49. Kf3 Rg3+ 50. Kf2 Rh3 51. Rd8+ Kc7 52. Rg8 Rxh5 53. a4 Rh2+ 54. Kf3 Ra2 55. Rg6 Kb6 56. Rxh6 Rxa4 57. Rg6 Ra5 58. Kf2 Rd5 59. Kf3 Kb5 60. Ke4 Rc5 61. Kf3 Rc3+ 62. Ke4 Re3+ 63. Kd4 Rg3 64. Ke4 c5 65. Kf5 c4 66. Ke4 c3 67. Rg8 Kb4 68. Rb8+ Kc4 69. Kf5 c2 70. Ke4 Kc3 71. Rc8+ Kb2 72. Rb8+ Rb3 0-1

[Event "Titled Tuesday intern op 25th Feb Early"]
[Site "Chess.com INT"]
[Date "2025.02.25"]
[Round "10"]
[White "Silva Hernandez, Jesus Arturo"]
[Black "Hnatyshyn, Anastasiya"]
[Result "0-1"]
[WhiteElo "1953"]
[BlackElo "2197"]
[PlyCount "52"]
[EventDate "2025.02.25"]
[EventType "swiss (blitz)"]
[EventRounds "11"]
[EventCountry "USA"]
[SourceTitle "CB10_2025"]
[SourceDate "2025.03.05"]
[SourceVersion "1"]
[SourceVersionDate "2025.03.05"]
[SourceQuality "1"]

1. d4 d5 2. Bf4 Nf6 3. e3 c5 4. c3 Nc6 5. Nd2 e6 6. Ngf3 Nh5 7. Bg5 f6 8. Bh4 g6 9. Be2 Ng7 10. 0-0 g5 11. Bg3 h5 12. h3 g4 13. hxg4 hxg4 14. Nh4 Kf7 15. Bxg4 f5 16. Bh3 Rxh4 17. Bxh4 Qxh4 18. Nf3 Qf6 19. dxc5 Bxc5 20. Nd4 Bd7 21. g3 Rh8 22. Bg2 Ne5 23. b4 Bd6 24. f3 Nc4 25. Kf2 Bxg3+ 26. Kxg3 Qg5+ 0-1

[Event "Titled Tuesday intern op 28th Jan Early"]
[Site "Chess.com INT"]
[Date "2025.01.28"]
[Round "10"]
[White "Hnatyshyn, Anastasiya"]
[Black "Souleidis, Georgios"]
[Result "1-0"]
[WhiteElo "2197"]
[BlackElo "2418"]
[PlyCount "85"]
[EventDate "2025.01.28"]
[EventType "swiss (blitz)"]
[EventRounds "11"]
[EventCountry "USA"]
[SourceTitle "CB06_2025"]
[SourceDate "2025.02.05"]
[SourceVersion "1"]
[SourceVersionDate "2025.02.05"]
[SourceQuality "1"]

1. Nc3 c5 2. Nf3 d5 3. d4 cxd4 4. Nxd4 Nf6 5. Bg5 Nc6 6. Bxf6 gxf6 7. Ndb5 e6 8. e3 f5 9. Be2 Bg7 10. 0-0 a6 11. Na3 b5 12. Nab1 0-0 13. Nd2 b4 14. Na4 Qa5 15. b3 Bd7 16. Nf3 Ne5 17. Nxe5 Bxe5 18. Rb1 Bxa4 19. bxa4 Qxa4 20. Bd3 a5 21. Qh5 Kh8 22. Kh1 Qd7 23. f4 Bc3 24. g4 f6 25. gxf5 e5 26. fxe5 Bxe5 27. Rf3 Rg8 28. Rh3 Rg7 29. Rg1 Rag8 30. Rg6 d4 31. e4 Qc6 32. Rxg7 Rxg7 33. Rh4 a4 34. Rg4 b3 35. Rxg7 Kxg7 36. axb3 axb3 37. Qg4+ Kf8 38. cxb3 Qc1+ 39. Kg2 Qb2+ 40. Qe2 Qxb3 41. Qd2 Qg8+ 42. Kh1 Qb3 43. Qh6+ 1-0

[Event "Titled Tuesday intern op 28th Jan Early"]
[Site "Chess.com INT"]
[Date "2025.01.28"]
[Round "8"]
[White "Hnatyshyn, Anastasiya"]
[Black "Zakirov, Musa"]
[Result "1-0"]
[WhiteElo "2197"]
[BlackElo "2345"]
[PlyCount "67"]
[EventDate "2025.01.28"]
[EventType "swiss (blitz)"]
[EventRounds "11"]
[EventCountry "USA"]
[SourceTitle "CB06_2025"]
[SourceDate "2025.02.05"]
[SourceVersion "1"]
[SourceVersionDate "2025.02.05"]
[SourceQuality "1"]

1. Nc3 c5 2. Nf3 d6 3. d4 cxd4 4. Nxd4 Nf6 5. Bg5 Nbd7 6. Qd2 h6 7. Bh4 a6 8. 0-0-0 b5 9. e3 Bb7 10. f3 Qa5 11. Kb1 e6 12. Bg3 b4 13. Nce2 d5 14. Nc1 Be7 15. Be1 Qb6 16. g4 a5 17. h4 Ne5 18. Bb5+ Nc6 19. Bf2 Bc5 20. Bxc6+ Bxc6 21. Nd3 Be7 22. e4 Qb7 23. e5 Nd7 24. f4 a4 25. f5 Nf8 26. g5 b3 27. cxb3 axb3 28. axb3 Qa6 29. f6 gxf6 30. gxf6 Bd8 31. Qc3 Rc8 32. Nb4 Qb5 33. Nbxc6 Nd7 34. Nxb5 1-0

[Event "Sambir Charity Rapid op"]
[Site "Sambir"]
[Date "2024.09.22"]
[Round "7"]
[White "Mikhaletz, Lubomir"]
[Black "Hnatyshyn, Anastasiya"]
[Result "1-0"]
[WhiteElo "2272"]
[BlackElo "2081"]
[PlyCount "67"]
[EventDate "2024.09.22"]
[EventType "swiss (rapid)"]
[EventRounds "9"]
[EventCountry "UKR"]
[SourceTitle "EXT 2025"]
[Source "ChessBase"]
[SourceDate "2024.10.14"]
[SourceVersion "1"]
[SourceVersionDate "2024.10.14"]
[SourceQuality "1"]

1. b3 d5 2. Bb2 Nf6 3. e3 e6 4. f4 c5 5. Nf3 Nc6 6. Bb5 Bd7 7. Bxc6 Bxc6 8. Ne5 Qc7 9. Qf3 0-0-0 10. a4 Be8 11. Na3 a6 12. c4 Ne4 13. Nb5 axb5 14. axb5 Kb8 15. d3 Nd6 16. 0-0 f6 17. Ng4 Bh5 18. Qh3 Bxg4 19. Qxg4 Nf5 20. Qe2 Bd6 21. Bc3 b6 22. Ra6 Kb7 23. Rfa1 Ra8 24. Qa2 Qb8 25. cxd5 exd5 26. b4 c4 27. dxc4 Nxe3 28. c5 bxc5 29. Qd2 d4 30. Rxa8 Qxa8 31. Rxa8 dxc3 32. Qxd6 Rxa8 33. Qc6+ Kb8 34. b6 1-0

[Event "Titled Tuesday intern op 17th Sep Early"]
[Site "Chess,com INT"]
[Date "2024.09.17"]
[Round "11"]
[White "Fabris, Alberto"]
[Black "Hnatyshyn, Anastasiya"]
[Result "0-1"]
[WhiteElo "2230"]
[BlackElo "2081"]
[PlyCount "56"]
[EventDate "2024.09.17"]
[EventType "swiss (blitz)"]
[EventRounds "11"]
[EventCountry "USA"]
[SourceTitle "EXT 2025"]
[Source "ChessBase"]
[SourceDate "2024.10.14"]
[SourceVersion "1"]
[SourceVersionDate "2024.10.14"]
[SourceQuality "1"]

1. e4 e6 2. d4 d5 3. e5 c5 4. c3 Nc6 5. Nf3 Qb6 6. a3 c4 7. Nbd2 Na5 8. h4 Bd7 9. h5 0-0-0 10. g3 Kb8 11. Bg2 Ne7 12. g4 Nec6 13. Kf1 Nb3 14. Nxb3 cxb3 15. Nd2 Na5 16. Kg1 f6 17. f4 fxe5 18. fxe5 Be7 19. Kh2 Rdf8 20. Rf1 Bb5 21. Rxf8+ Rxf8 22. Qe1 Bd3 23. Nf1 Qd8 24. Ne3 Bh4 25. Qd1 Bf2 26. Nf1 Qh4+ 27. Bh3 Bxf1 28. Qxf1 Bg3+ 0-1

[Event "Titled Tuesday intern op 17th Sep Early"]
[Site "Chess,com INT"]
[Date "2024.09.17"]
[Round "10"]
[White "Hnatyshyn, Anastasiya"]
[Black "Fomkin, Dmitry"]
[Result "0-1"]
[WhiteElo "2081"]
[BlackElo "2156"]
[PlyCount "82"]
[EventDate "2024.09.17"]
[EventType "swiss (blitz)"]
[EventRounds "11"]
[EventCountry "USA"]
[SourceTitle "EXT 2025"]
[Source "ChessBase"]
[SourceDate "2024.10.14"]
[SourceVersion "1"]
[SourceVersionDate "2024.10.14"]
[SourceQuality "1"]

1. Nc3 Nf6 2. e4 e5 3. Nf3 Nc6 4. d4 exd4 5. Nxd4 Bb4 6. Nxc6 bxc6 7. Bd3 d5 8. Bd2 0-0 9. 0-0 Bg4 10. Qc1 Bxc3 11. Bxc3 Nxe4 12. Bxe4 dxe4 13. Qf4 f5 14. Rae1 Qd6 15. Qg5 Rf7 16. h3 h6 17. Qh4 g5 18. Qg3 Qxg3 19. fxg3 Bh5 20. g4 fxg4 21. Rxf7 Bxf7 22. Rxe4 gxh3 23. gxh3 Rd8 24. Re7 Rd1+ 25. Kf2 Rc1 26. Rxc7 Rxc2+ 27. Kg3 h5 28. h4 g4 29. Kf4 Bxa2 30. Rxa7 Rf2+ 31. Kg5 Bd5 32. Kxh5 g3 33. Rg7+ Kf8 34. Rxg3 Rf5+ 35. Kg4 Rf1 36. h5 Kf7 37. Re3 Rg1+ 38. Kf4 Rh1 39. Kg5 Be6 40. Rf3+ Ke7 41. Bf6+ Kd7 0-1

[Event "Titled Tuesday intern op 17th Sep Early"]
[Site "Chess,com INT"]
[Date "2024.09.17"]
[Round "1"]
[White "Hnatyshyn, Anastasiya"]
[Black "Shandrygin, Nikita"]
[Result "0-1"]
[WhiteElo "2081"]
[BlackElo "2209"]
[PlyCount "86"]
[EventDate "2024.09.17"]
[EventType "swiss (blitz)"]
[EventRounds "11"]
[EventCountry "USA"]
[SourceTitle "EXT 2025"]
[Source "ChessBase"]
[SourceDate "2024.10.14"]
[SourceVersion "1"]
[SourceVersionDate "2024.10.14"]
[SourceQuality "1"]

1. Nc3 Nc6 2. Nf3 d5 3. e4 d4 4. Ne2 a6 5. Ng3 Nf6 6. Bc4 e6 7. a3 Be7 8. d3 b5 9. Ba2 Bb7 10. Qe2 Nb8 11. Bf4 c5 12. 0-0 Nbd7 13. Ne5 Nxe5 14. Bxe5 0-0 15. Bxf6 Bxf6 16. f4 Bh4 17. Qg4 Kh8 18. Rae1 Rc8 19. f5 e5 20. f6 Bxf6 21. Nh5 Bg5 22. Bxf7 Qe7 23. Be6 Be3+ 24. Kh1 Rxf1+ 25. Rxf1 Rf8 26. Rxf8+ Qxf8 27. Qf3 Qxf3 28. gxf3 Bc1 29. b4 Bxa3 30. bxc5 Bxc5 31. f4 g6 32. Nf6 exf4 33. Kg2 Be7 34. Nd5 Bd6 35. Kf3 g5 36. h3 a5 37. Bd7 Bxd5 38. exd5 a4 39. Bxb5 a3 40. Bc4 Kg7 41. Kg4 Kg6 42. Kf3 h5 43. Ba2 Kf5 0-1

[Event "Titled Tuesday intern op 17th Sep Early"]
[Site "Chess,com INT"]
[Date "2024.09.17"]
[Round "9"]
[White "Kshatriya, Nitin Vekhande"]
[Black "Hnatyshyn, Anastasiya"]
[Result "1-0"]
[WhiteElo "2133"]
[BlackElo "2081"]
[PlyCount "97"]
[EventDate "2024.09.17"]
[EventType "swiss (blitz)"]
[EventRounds "11"]
[EventCountry "USA"]
[SourceTitle "EXT 2025"]
[Source "ChessBase"]
[SourceDate "2024.10.14"]
[SourceVersion "1"]
[SourceVersionDate "2024.10.14"]
[SourceQuality "1"]

1. e4 e6 2. d3 d5 3. Nd2 c5 4. Ngf3 Nc6 5. g3 Nf6 6. Bg2 Be7 7. 0-0 0-0 8. e5 Nd7 9. Re1 Qc7 10. Qe2 b5 11. h4 Bb7 12. h5 h6 13. g4 Rfc8 14. c3 b4 15. Nf1 Nf8 16. g5 hxg5 17. Bxg5 Bxg5 18. Nxg5 Qe7 19. Qg4 Nh7 20. Nh3 Kh8 21. Ng3 Ba6 22. Rad1 Rab8 23. Rd2 Rg8 24. Nf4 Qg5 25. Qxg5 Nxg5 26. Kh2 Rb6 27. Rh1 Rgb8 28. Re1 bxc3 29. bxc3 Rb2 30. Rxb2 Rxb2 31. Re2 Rxe2 32. Ngxe2 Nxe5 33. d4 cxd4 34. Nxd4 Bc4 35. a3 Ng4+ 36. Kg3 Nf6 37. Nc6 Nge4+ 38. Bxe4 Nxe4+ 39. Kf3 a6 40. Ne5 Kg8 41. Nxc4 Nxc3 42. Nd2 Nb5 43. Nb1 e5 44. Nxd5 Nd4+ 45. Ke4 f6 46. Nbc3 Kf7 47. f4 Nc6 48. f5 Ke8 49. h6 1-0

[Event "Titled Tuesday intern op 10th Sep Early"]
[Site "Chess,com INT"]
[Date "2024.09.10"]
[Round "2"]
[White "Saim, Mohamed Ilias"]
[Black "Hnatyshyn, Anastasiya"]
[Result "0-1"]
[WhiteElo "2169"]
[BlackElo "2081"]
[PlyCount "82"]
[EventDate "2024.09.10"]
[EventType "swiss (blitz)"]
[EventRounds "11"]
[EventCountry "USA"]
[SourceTitle "EXT 2025"]
[Source "ChessBase"]
[SourceDate "2024.10.14"]
[SourceVersion "1"]
[SourceVersionDate "2024.10.14"]
[SourceQuality "1"]

1. d4 e6 2. c4 d5 3. Nf3 Nf6 4. g3 Be7 5. Bg2 0-0 6. 0-0 dxc4 7. Nbd2 c5 8. Nxc4 Nc6 9. dxc5 Bxc5 10. a3 Qc7 11. Bf4 Qd8 12. Qc2 a5 13. Rfd1 Qe7 14. Nd6 Ba7 15. Nxc8 Rfxc8 16. Bd6 Qe8 17. Qb3 Ne4 18. e3 Nxd6 19. Rxd6 Bc5 20. Rd2 b6 21. Rad1 Ra7 22. Qb5 h6 23. Qd3 a4 24. Qc3 Na5 25. Qd3 Nb3 26. Rc2 Raa8 27. Ne5 Rd8 28. Qe2 Rxd1+ 29. Qxd1 Rd8 30. Qe2 Rc8 31. Be4 f6 32. Nf3 Qd7 33. Bd3 e5 34. Bc4+ Kh8 35. Bb5 Qa7 36. Nh4 Rd8 37. Kg2 Qa8+ 38. Kg1 Qe4 39. f3 Qxe3+ 40. Qxe3 Bxe3+ 41. Kg2 Nd4 0-1